| 000 | 01902nam a2200529 i 4500 | ||
|---|---|---|---|
| 001 | 46465 | ||
| 003 | KOSZ 005 | ||
| 005 | 20220224091617.0 | ||
| 008 | 220224s2001 pl b f d 000 0 pol | ||
| 015 | _aPB 2005/19101 | ||
| 020 | _a8372412014 | ||
| 035 | _a991027934389705066 | ||
| 035 | _a(PL-WaBN)b17567828-48omnis_nlop | ||
| 035 | _ab17567828 | ||
| 035 | _a(OCoLC)68634812 | ||
| 035 | _a(PL)b0000001756782 | ||
| 035 | _a(EXLNZ-48OMNIS_NETWORK)9910048597205606 | ||
| 040 |
_aWA N _cWA N _dKOSZ 005/RW |
||
| 046 | _k2001 | ||
| 080 | _a811.162.1 | ||
| 080 | _a811.112.2 | ||
| 080 | _a81'373.2 | ||
| 100 | 1 |
_aBiałecki, Tadeusz _d(1933- ) _eAutor |
|
| 245 | 0 | 0 |
_aSłownik nazw fizjograficznych Pomorza Zachodniego / _cTadeusz Białecki. |
| 250 | _aWydanie I. | ||
| 260 |
_aSzczecin : _bWydawnictwo Naukowe Uniwersytetu Szczecińskiego, _c2001. |
||
| 300 |
_a845 stron : _berrata, mapy ; _c25 cm. |
||
| 336 |
_aTekst _btxt _2rdacontent |
||
| 337 |
_aBez urządzenia pośredniczącego _bn _2rdamedia |
||
| 338 |
_aWolumin _bnc _2rdacarrier |
||
| 380 | _aKsiążki | ||
| 380 | _aPublikacje naukowe | ||
| 388 | _a2001- | ||
| 504 | _aBibliografia na stronach [841]-845. | ||
| 536 | _aWspółfinansowanie przez Fundację Współpracy Polsko-Niemieckiej ze środków finansowych Republiki Federalnej Niemiec. | ||
| 650 | 7 |
_aNazwy miejscowe niemieckie _2DBN |
|
| 650 | 7 |
_aNazwy miejscowe polskie _2DBN |
|
| 650 | 7 | _aOnomastyka | |
| 651 | 7 |
_aPomorze Zachodnie _2DBN |
|
| 655 | 7 |
_aSłownik niemiecko-polski _2DBN |
|
| 655 | 7 |
_aSłownik polsko-niemiecki _2DBN |
|
| 658 | _aJęzykoznawstwo | ||
| 710 | 2 |
_aWydawnictwo Naukowe Uniwersytetu Szczecińskiego _4pbl |
|
| 856 |
_uhttp://koha.tu.koszalin.pl/cgi-bin/koha/opac-detail.pl?biblionumber=46465 _yKatalog online BPK |
||
| 942 |
_2UKD _cKS |
||
| 999 |
_c46465 _d46465 |
||